| 000 | 00601nam a22002057a 4500 | ||
|---|---|---|---|
| 003 | OSt | ||
| 005 | 20260204034116.0 | ||
| 008 | 260204b |||||||| |||| 00| 0 eng d | ||
| 020 | _a971-93399-7-7. | ||
| 040 |
_aDWC-Main lib _cOC |
||
| 082 | _aFil. 301 Es82c 2006 | ||
| 100 | _aEstoque, Ronan S. | ||
| 245 |
_aCollege Sociology _cRonan S. Estoque |
||
| 260 |
_aMakati City : _bMindshapers Co., Inc., _cc2006. |
||
| 300 |
_aiv, 288 pages ; _c25 cm. |
||
| 504 | _aIncludes bibliographical references. | ||
| 650 | _a1. Sociology. | ||
| 700 | _aLeaƱo, Roman D. Jr. | ||
| 942 |
_2ddc _cBK - FIL _kFil. _n0 |
||
| 999 |
_c8252 _d8252 |
||